000 00963nam a2200205 i 4500
001 77498
003 ES-MaACL
005 20260129063019.0
007 t|
008 931025q18801889gw af ||||1| ger d
100 0 _aAndreae, Achilles,
_d1859-1905
_921546
245 1 0 _aBeiträge zur Geologie des Blattes Heidelberg /
_cvon A. Andreae und A. Osann ; mit 2 Figuren und 2 Tafeln.
260 _aHeidelberg :
_bCarl Winter's Universitáts buchhand lung,
_c[188-?]
300 _a[48] p. :
_bil. ;
_c27 cm.
490 1 _aSeparat-Abdruck aus den Mitteilungen der Grossh. Badischen Geologischen Landesanstalt ;
_v2. Bd., 7-9
700 1 _aOsann, Alfred.
_9130726
830 0 _aSeparat-Abdruck aus den Mitteilungen der Grossh. Badischen Geologischen Landesanstalt ;
_v2. Bd., 7-9
_9231353
852 _aES-MaACL
_jT-898-F-3
_z.- Legado de Federico de Botella y de Hornos
_z.- Enc. en un vol. facticio conservando la cub. original
999 _c77498
_d77498